India And Central Asia: Advancing the Common Interest (Record no. 220325)
[ view plain ]
| 000 -LEADER | |
|---|---|
| fixed length control field | 01081nam a22002537a 4500 |
| 005 - DATE AND TIME OF LATEST TRANSACTION | |
| control field | 20211102111629.0 |
| 008 - FIXED-LENGTH DATA ELEMENTS--GENERAL INFORMATION | |
| fixed length control field | 211102b ||||| |||| 00| 0 eng d |
| 020 ## - INTERNATIONAL STANDARD BOOK NUMBER | |
| International Standard Book Number | 8188342270 |
| 040 ## - CATALOGING SOURCE | |
| Transcribing agency | AL |
| 041 ## - LANGUAGE CODE | |
| Language code of text/sound track or separate title | eng |
| 082 ## - DEWEY DECIMAL CLASSIFICATION NUMBER | |
| Edition number | 23 |
| Classification number | 327.54058 |
| Item number | SANI |
| 100 ## - MAIN ENTRY--PERSONAL NAME | |
| Personal name | K Santhanam: Ramakant Dwivedi Ed |
| 9 (RLIN) | 9451 |
| 245 ## - TITLE STATEMENT | |
| Title | India And Central Asia: Advancing the Common Interest |
| 260 ## - PUBLICATION, DISTRIBUTION, ETC. | |
| Place of publication, distribution, etc. | New Delhi |
| Name of publisher, distributor, etc. | Anamaya Publishers |
| Date of publication, distribution, etc. | 2004 |
| 300 ## - PHYSICAL DESCRIPTION | |
| Extent | xix,339 p. |
| Other physical details | HB |
| Dimensions | 22x14 cm. |
| 440 ## - SERIES STATEMENT/ADDED ENTRY--TITLE | |
| Title | Asian Security Series |
| 9 (RLIN) | 9470 |
| 520 ## - SUMMARY, ETC. | |
| Summary, etc. | Contributed articles presented at 3rd India-Central Asia Regional Conference held on Nov. 6-8, 2003 in Tashkent, Uzbekistan on understanding of security environment in Central Asia and India's perceptions on better cooperation in politico-economic-security issues faced in the region. |
| 650 ## - SUBJECT ADDED ENTRY--TOPICAL TERM | |
| Source of heading or term | International Relations |
| 650 ## - SUBJECT ADDED ENTRY--TOPICAL TERM | |
| Topical term or geographic name entry element | Energy and Water |
| 9 (RLIN) | 9452 |
| 650 ## - SUBJECT ADDED ENTRY--TOPICAL TERM | |
| Topical term or geographic name entry element | Transport and Communication Corridors |
| 9 (RLIN) | 9453 |
| 650 ## - SUBJECT ADDED ENTRY--TOPICAL TERM | |
| Topical term or geographic name entry element | International Security Landscape |
| 9 (RLIN) | 9454 |
| 700 ## - ADDED ENTRY--PERSONAL NAME | |
| Personal name | SANTHANAM (K);DWIVEDI (Ramakant) Ed |
| 9 (RLIN) | 9455 |
| 942 ## - ADDED ENTRY ELEMENTS (KOHA) | |
| Source of classification or shelving scheme | Dewey Decimal Classification |
| Koha item type | George Fernandes Collections |
| Withdrawn status | Lost status | Source of classification or shelving scheme | Damaged status | Not for loan | Collection code | Home library | Current library | Date acquired | Total Checkouts | Full call number | Barcode | Date last seen | Price effective from | Koha item type |
|---|---|---|---|---|---|---|---|---|---|---|---|---|---|---|
| Dewey Decimal Classification | Political Science | St Aloysius Library | St Aloysius Library | 03/24/2013 | 327.54058 SANI | GF00466 | 11/02/2021 | 11/02/2021 | George Fernandes Collections |